000 00576nam a22001817i 4500
999 _c22874
_d22874
003 AR-CdUCM
008 240508b20192019 cl||||| |||| 00| 0 spa d
020 _a978-956-9213-22-9
040 _aMUNICIPALIDAD PROVINCIAL DEL CUSCO
_cBIBLIOTECA MUNICIPAL DEL CUSCO
082 _a869.34 / A66V
_bA66V
100 _aAravena Zúñiga, Cecilia.
_949740
245 _aLa verdad secuestrada /
260 _aChile :
_bEspora Ediciones,
_c2019
300 _a132 páginas. :
_c21 cm.
700 _aContreras Villablanca, Eduardo.
_949730
942 _2ddc
_cLIBROS
945 _apbj
_d2024-05-08